Slibný umělecký nástup Pavla Blatného /

Main Author: Fukač, Jiří, 1936-2002
Language: Czech
Published: [Brno : s.n., 1958]
Physical Description: 1 sv. (nestr.)
Book
Saved in:
LEADER 00593nam a22001932a 4500
001 001739890
003 CZ BrMZK
005 20200401091356.0
007 ta
008 200401s1958 xr er|||||||||||cze d
040 |a BOA001  |b cze  |e aacr2 
100 1 |a Fukač, Jiří,  |d 1936-2002  |7 jk01032151  |4 aut 
245 1 0 |a Slibný umělecký nástup Pavla Blatného /  |c Jiří Fukač 
260 |a [Brno :  |b s.n.,  |c 1958] 
300 |a 1 sv. (nestr.) 
910 |a BOA001  |b X2-0419.932 
990 |a BK 
991 |b 202004 
996 6 |b 2618849077  |c X2-0419.932  |l MZK  |r Sklad / do 24 hodin  |n 0  |w 001791806  |u 000010  |a 1  |e BOA001  |j MZK50  |s P